[Event "20. Dolomitenbank Open-A 2019"]
[Site "Lienz"]
[Date "2019.02.14"]
[Round "7.5"]
[White "Low, Zhen Yu Cyrus"]
[Black "Studer, Noel"]
[Result "1-0"]
[WhiteElo "2377"]
[BlackElo "2494"]
[Annotator "TA"]
[PlyCount "95"]
[EventDate "2019.02.09"]
[EventType "swiss"]
[EventCountry "AUT"]
[SourceTitle "playchess.com"]
[Source "ChessBase"]
[SourceQuality "1"]

{[%evp 11,95,46,43,30,33,37,39,15,24,19,28,31,26,35,37,40,19,22,36,37,63,56,77,33,47,49,70,74,65,70,149,100,146,149,183,138,144,131,131,109,126,139,211,216,497,211,197,194,186,140,141,142,142,134,396,406,886,786,465,160,158,0,465,465,465,465,465,465,465,465,465,459,459,450,450,449,449,443,465,465,510,496,592,452,804,804]} 1. e4 c6 2. Nc3 d5 3. Nf3 g6 4. d4 Bg7 5. Be3 Bg4 6. Be2 e6 7. h3 {B15: Caro-Kann: 3 Nc3: 3...g6 and 3...dxe4 4 Nxe4 Nf6 5 Nxf6+ exf6} (7. Qd2 {feels hotter.} Nd7 8. O-O Ne7 9. Rad1 Nb6 10. b3) (7. Qd2 Nd7 8. O-O-O h6 9. Kb1 Ne7 10. h3 Bxf3 11. gxf3 b5 12. h4 h5 13. Bd3 Nb6 14. b3 a5 {0-1 (25) Teske,H (2483)-Borisenko,V (2289) St Petersburg 2018}) 7... Bxf3 $1 8. Bxf3 Nd7 {[%cal Bb8d7,Bd7b6,Bb6c4][%mdl 32]} 9. O-O {White is slightly better.} Ne7 10. Re1 O-O 11. Bg5 {Strongly threatening exd5.} Re8 12. Qd2 Nb6 13. Rad1 Nc4 14. Qc1 f6 15. Bf4 $146 {[%mdl 2048] White fights for an advantage.} Qa5 16. Be2 b5 17. Bxc4 bxc4 18. Qd2 Qa6 19. e5 {Black must now prevent exf6.} Nf5 20. b3 c5 ({Black should play} 20... Qa3 $14) 21. exf6 Bxf6 {[%cal Rc5d4]} 22. dxc5 Qc6 23. Be5 Bxe5 24. Rxe5 Qxc5 25. Qe2 cxb3 {[#]} 26. Nxd5 $1 {[%mdl 512] Threatens to win with Nf6+.} Nd4 (26... Qf8 $16) (26... exd5 27. Rxe8+) 27. Nf6+ $18 Kh8 $2 (27... Kf7 28. Qe1 (28. Rxc5 Nxe2+ 29. Kf1 Rec8 $11) 28... Qb6) 28. Rxc5 (28. Qe1 $142 Qb6 29. c3 (29. Nxe8 bxc2 30. Rc1 Rxe8 $14)) 28... Nxe2+ 29. Kf1 {Rd7 would kill now.} Rf8 30. Kxe2 bxc2 31. Rxc2 Rxf6 {[%mdl 4096] Endgame KRR-KRR} 32. Rd7 Raf8 $2 {[%mdl 8192] [#]} (32... h5 $16 33. Rcc7 a6) 33. Rcc7 $1 Rxf2+ (33... Rb8 $142 34. Rxh7+ Kg8 35. Rcg7+ (35. Rxa7 Rb2+ 36. Ke3 Rfxf2 $16) 35... Kf8 36. Rxa7 Rb2+ 37. Ke3 Kg8 38. Rhg7+ Kf8) 34. Ke3 R8f5 35. Rd8+ $2 (35. Rxh7+ $18 {has better winning chances.} Kg8 36. Rcg7+ (36. Rxa7 Rxg2 37. Rhg7+ Kf8 $16) 36... Kf8 37. Rxa7) 35... Rf8 $16 36. Rdd7 $2 (36. Rxf8+ $16 Rxf8 37. Rxa7) 36... R8f5 $1 $18 37. Rxh7+ {White is clearly winning.} Kg8 38. Rcg7+ Kf8 39. Rxa7 {[%cal Rh7h8]} Kg8 40. Rhg7+ Kh8 41. Rge7 Rf1 42. Ra8+ Rf8 43. Rxf8+ Rxf8 44. Rxe6 Kg7 45. a4 {[%cal Ba2a4,Ba4a5][%mdl 32]} Ra8 46. Re4 Rb8 47. Rg4 Rd8 (47... Rc8 $142 48. a5 Rc3+ 49. Kd4 Rc2) 48. a5 {Precision: White = 66%, Black = 32%.} 1-0

[Event "20. Dolomitenbank Open-A 2019"]
[Site "Lienz"]
[Date "2019.02.14"]
[Round "7.6"]
[White "Solodovnichenko, Yuri"]
[Black "Lin, Yi"]
[Result "1/2-1/2"]
[WhiteElo "2574"]
[BlackElo "2345"]
[Annotator "RC"]
[PlyCount "191"]
[EventDate "2019.02.09"]
[EventType "swiss"]
[EventCountry "AUT"]
[SourceTitle "playchess.com"]
[Source "ChessBase"]
[SourceQuality "1"]
[TimeControl "40/5400+30:1800+30"]

1. e4 {[%emt 0:00:00]} c6 {[%emt 0:00:00]} 2. Nf3 {[%emt 0:00:22]} d5 {[%emt 0:00:00]} 3. Nc3 {[%emt 0:00:03]} dxe4 {[%emt 0:00:00]} 4. Nxe4 {[%emt 0:00:06]} Nf6 {[%emt 0:00:04]} 5. Qe2 {[%emt 0:00:07]} Nxe4 {[%emt 0:00:14]} 6. Qxe4 {[%emt 0:00:06]} Qd5 {[%emt 0:00:11]} 7. Qh4 {[%emt 0:00:21]} Qe6+ {[%emt 0:00:26]} 8. Be2 {[%emt 0:00:06]} Qg4 {[%emt 0:00:21]} 9. Qg3 {[%emt 0:00:05]} g6 {[%emt 0:00:41]} 10. Ng5 {[%emt 0:16:44]} Qxg3 {[%emt 0:00:07]} 11. hxg3 {[%emt 0:00:03]} Bg7 {[%emt 0:00:36]} 12. Bc4 {[%emt 0:09:55]} e6 {[%emt 0:00:18]} 13. Rxh7 {[%emt 0:04:09]} Rxh7 {[%emt 0:01:17]} 14. Nxh7 {[%emt 0:00:04]} f6 {[%emt 0:01:41]} 15. g4 {[%emt 0:01:20]} Kf7 {[%emt 0:09:28]} 16. g5 {[%emt 0:00:47]} f5 {[%emt 0:00:10]} 17. Nf6 {[%emt 0:02:30]} Bxf6 {[%emt 0:04:38]} 18. gxf6 {[%emt 0:00:04]} Nd7 {[%emt 0:01:26]} 19. b4 {[%emt 0:04:21]} Nxf6 {[%emt 0:01:24]} 20. Bb2 {[%emt 0:00:35]} Bd7 {[%emt 0:02:06]} 21. f3 {[%emt 0:01:13]} Rh8 {[%emt 0:03:25]} 22. Kf2 {[%emt 0:00:26]} Rh4 {[%emt 0:03:45]} 23. d3 {[%emt 0:00:18]} Nd5 {[%emt 0:03:36]} 24. a3 {[%emt 0:01:08]} g5 {[%emt 0:02:11]} 25. Re1 {[%emt 0:01:09]} Nf4 {[%emt 0:10:02]} 26. Kg1 {[%emt 0:02:24]} Nh5 {[%emt 0:01:38]} 27. Kf2 {[%emt 0:09:30]} Nf4 {[%emt 0:00:10]} 28. Be5 {[%emt 0:04:36]} Rh2 {[%emt 0:11:46]} 29. Rg1 {[%emt 0:00:20]} Nh3+ {[%emt 0:02:47]} 30. Kf1 {[%emt 0:10:30]} Nf4 {[%emt 0:00:07]} 31. d4 {[%emt 0:01:22]} b5 {[%emt 0:04:18]} 32. Bb3 {[%emt 0:00:49]} Ke7 {[%emt 0:01:08]} 33. g4 {[%emt 0:07:39]} Rd2 {[%emt 0:16:23]} 34. Ke1 {[%emt 0:00:51]} Re2+ {[%emt 0:00:14]} 35. Kd1 {[%emt 0:00:38]} Rg2 {[%emt 0:00:23]} 36. Rh1 {[%emt 0:08:32]} fxg4 {[%emt 0:00:13]} 37. Rh7+ {[%emt 0:01:19]} Kd8 {[%emt 0:02:17]} 38. Bf6+ {[%emt 0:03:16]} Kc7 {[%emt 0:04:08]} 39. Be5+ {[%emt 0:00:26]} Kd8 {[%emt 0:00:04]} 40. Bf6+ {[%emt 0:00:23]} Kc7 {[%emt 0:00:05]} 41. fxg4 {[%emt 0:30:26]} Rxg4 {[%emt 0:30:50]} 42. Rh8 {[%emt 0:00:45]} Bc8 {[%emt 0:00:00]} 43. Rg8 {[%emt 0:00:00]} Nd5 {[%emt 0:00:00]} 44. Be5+ {[%emt 0:00:00]} Kb7 {[%emt 0:00:00]} 45. Rg7+ {[%emt 0:00:00]} Ka6 {[%emt 0:00:00]} 46. Ke2 {[%emt 0:00:00]} Rg1 {[%emt 0:03:20]} 47. Bd6 {[%emt 0:00:00]} Bb7 {[%emt 0:07:04]} 48. a4 {[%emt 0:00:00]} Nc3+ {[%emt 0:02:01]} 49. Kf2 {[%emt 0:00:00]} Rg4 {[%emt 0:01:28]} 50. axb5+ {[%emt 0:01:32]} cxb5 {[%emt 0:00:06]} 51. Bc5 {[%emt 0:04:44]} Ne4+ {[%emt 0:02:21]} 52. Ke3 {[%emt 0:00:16]} Rg3+ {[%emt 0:00:51]} 53. Ke2 {[%emt 0:00:06]} Rg2+ {[%emt 0:00:22]} 54. Kf1 {[%emt 0:01:34]} Nxc5 {[%emt 0:03:39]} 55. dxc5 {[%emt 0:03:41]} Rg4 {[%emt 0:00:03]} 56. Rg6 {[%emt 0:00:48]} Rxb4 {[%emt 0:01:25]} 57. Rxe6+ {[%emt 0:00:20]} Ka5 {[%emt 0:00:01]} 58. Re7 {[%emt 0:01:28]} Rf4+ {[%emt 0:00:15]} 59. Kg1 {[%emt 0:00:22]} Bf3 {[%emt 0:01:00]} 60. Rxa7+ {[%emt 0:01:21]} Kb4 {[%emt 0:00:01]} 61. Rc7 {[%emt 0:01:04]} Rf5 {[%emt 0:00:20]} 62. c6 {[%emt 0:00:39]} Rc5 {[%emt 0:00:14]} 63. Rd7 {[%emt 0:02:24]} Bxc6 {[%emt 0:00:33]} 64. Rd4+ {[%emt 0:00:02]} Kc3 {[%emt 0:00:09]} 65. Rd3+ {[%emt 0:00:05]} Kb2 {[%emt 0:00:12]} 66. Rd4 {[%emt 0:00:02]} Be8 {[%emt 0:01:47]} 67. Rd6 {[%emt 0:00:01]} Bh5 {[%emt 0:00:33]} 68. Kf2 {[%emt 0:00:17]} Re5 {[%emt 0:00:40]} 69. Rc6 {[%emt 0:02:35]} Bd1 {[%emt 0:00:12]} 70. Kg3 {[%emt 0:00:39]} Re3+ {[%emt 0:00:17]} 71. Kf2 {[%emt 0:00:22]} Re2+ {[%emt 0:00:29]} 72. Kf1 {[%emt 0:00:08]} Re5 {[%emt 0:00:12]} 73. Kf2 {[%emt 0:00:23]} g4 {[%emt 0:00:51]} 74. Rb6 {[%emt 0:01:38]} Kc3 {[%emt 0:01:12]} 75. Rc6+ {[%emt 0:00:11]} Kb2 {[%emt 0:00:05]} 76. Rb6 {[%emt 0:00:26]} Bxc2 {[%emt 0:00:59]} 77. Bc4 {[%emt 0:00:04]} Ba4 {[%emt 0:00:25]} 78. Kg3 {[%emt 0:00:06]} Rg5 {[%emt 0:00:39]} 79. Bxb5 {[%emt 0:00:25]} Bxb5 {[%emt 0:00:05]} 80. Kf4 {[%emt 0:00:19]} Rd5 {[%emt 0:00:38]} 81. Kxg4 {[%emt 0:00:11]} Kc3 {[%emt 0:00:01]} 82. Rg6 {[%emt 0:00:40]} Kd4 {[%emt 0:00:04]} 83. Rg5 {[%emt 0:00:23]} Be2+ {[%emt 0:00:14]} 84. Kf4 {[%emt 0:00:04]} Rd8 {[%emt 0:00:19]} 85. Kg3 {[%emt 0:00:05]} Rf8 {[%emt 0:00:13]} 86. Rg7 {[%emt 0:00:53]} Bd3 {[%emt 0:00:19]} 87. Kg4 {[%emt 0:00:58]} Rf1 {[%emt 0:00:14]} 88. Rg5 {[%emt 0:00:33]} Ke3 {[%emt 0:00:15]} 89. Kg3 {[%emt 0:00:48]} Be4 {[%emt 0:00:09]} 90. Kg4 {[%emt 0:00:34]} Rh1 {[%emt 0:00:43]} 91. Kg3 {[%emt 0:00:12]} Rf1 {[%emt 0:01:16]} 92. Kg4 {[%emt 0:00:06]} Rf3 {[%emt 0:00:27]} 93. Rg7 {[%emt 0:01:27]} Bf5+ {[%emt 0:00:46]} 94. Kg5 {[%emt 0:00:05]} Be4 {[%emt 0:00:29]} 95. Kg4 {[%emt 0:00:09]} Rf1 {[%emt 0:00:11]} 96. Rg5 1/2-1/2

[Event "20. Dolomitenbank Open-A 2019"]
[Site "Lienz"]
[Date "2019.02.14"]
[Round "7.7"]
[White "Hacker, Jonas"]
[Black "Istratescu, Andrei"]
[Result "0-1"]
[WhiteElo "2369"]
[BlackElo "2555"]
[Annotator "TA"]
[PlyCount "168"]
[EventDate "2019.02.09"]
[EventType "swiss"]
[EventCountry "AUT"]
[SourceTitle "playchess.com"]
[Source "ChessBase"]
[SourceQuality "1"]

{[%evp 19,168,31,66,29,39,31,69,18,33,14,9,6,12,12,12,-19,0,0,0,0,17,5,20,0,23,25,18,23,27,24,57,0,4,-10,-16,0,0,-14,10,0,0,-41,-31,-12,-16,-75,-75,-72,-72,-81,-79,-81,-74,-74,-61,-74,-73,-106,-110,-152,-142,-141,-95,-96,-96,-96,-95,-99,-88,-95,-95,-78,-47,-162,-156,-164,-157,-156,-145,-157,-160,-189,-162,-158,-166,-247,-231,-261,-257,-269,-260,-272,-272,-318,-262,-283,-283,-286,-257,-270,-115,-223,0,-271,-260,-260,-266,-254,-250,-269,-251,-251,-239,-485,-477,-345,-187,-487,-483,-535,-534,-561,-451,-456,-456,-456,-456,-456,-456,-550,-483,-519,-439,-1317,-1239,-2369,-2328,-2215,-2246,-1886,-1807,-1677,-1636,-1597,-1547,-1418,-1366,-29953,-12801,-29963,-29961]} 1. e4 c5 2. Nf3 d6 3. d4 cxd4 4. Nxd4 Nf6 5. f3 e5 6. Nb3 Nc6 {B55: Sicilian: 2...d6 3 d4 cxd4 4 Nxd4 Nf6 5 f3} (6... Be6 7. c4 Nbd7 8. Be3 b5 9. Na3 a6 10. cxb5 d5 11. bxa6 dxe4 12. Bb5 Nd5 13. Bc5 Nf4 14. O-O Bxb3 15. Qxd7+ Qxd7 16. Bxf8 Rxf8 17. axb3 Rxa6 18. Bxd7+ Kxd7 {½-½ (27) Vitiugov,N (2721)-Duda,J (2710) Czech Republic 2018}) 7. c4 a5 8. Be3 a4 9. N3d2 Be7 10. Nc3 Qa5 {LiveBook: 5 Games} 11. Be2 O-O 12. O-O a3 $146 ({Predecessor:} 12... Bd8 13. Kh1 Bb6 14. Bxb6 Qxb6 15. Nxa4 {0-1 (45) Agmanov,Z (2360)-Ismagambetov,A (2547) Almaty 2018}) 13. Qc1 (13. Nb3 $14 Qb4 14. Qc2) 13... Be6 14. bxa3 (14. Nb5 {is interesting.} axb2 15. Qxb2 Qb4 16. Qc1 Rfc8 17. Rd1) 14... Qxa3 15. Qxa3 Rxa3 16. Ndb1 Raa8 17. Nd2 Nd7 18. Rfb1 Ra3 19. Nb3 Rc8 20. Nb5 Ra6 21. a4 Na5 22. Nxa5 Rxa5 23. Nc3 Rb8 24. Rb5 Rxb5 25. axb5 (25. cxb5 $14 Rc8 26. Rc1) 25... Bd8 $11 26. Rd1 Ba5 27. Nd5 Kf8 (27... Bxd5 $5 28. cxd5 (28. Rxd5 Bb4 $11) 28... Bb4 $11) 28. Kf2 Rc8 29. Kf1 Bxd5 30. Rxd5 Ke7 31. Rd1 Bb6 32. Bg5+ (32. Bxb6 $1 $11 {remains equal.} Nxb6 33. Ra1) 32... f6 $17 33. Bd2 Bd4 34. Bb4 Ra8 35. Rc1 b6 36. Bd1 Ra2 {White must now prevent ...Rf2+.} 37. Be2 Nf8 38. g3 Ne6 39. Be1 Be3 40. Rc3 Bd2 $36 {[%mdl 2048] Black is on the roll.} 41. Bxd2 Rxd2 {[%mdl 4096] Endgame KRB-KRN} 42. Ke1 Ra2 43. h4 Nd4 44. Bd1 g6 45. f4 Ne6 46. Rf3 ({White should play} 46. f5 $1 $15 Nc5 47. Bf3) 46... Nc5 $19 47. Re3 exf4 48. gxf4 Rh2 49. h5 gxh5 50. Bf3 Ke6 51. Kf1 Rh4 52. e5 (52. Ke2 {is a better defense.}) 52... Rxf4 53. exd6+ Kxd6 54. Kg2 Rxc4 55. Bxh5 Rb4 56. Rf3 Ne4 ({Not} 56... Rxb5 57. Rxf6+ Ke5 58. Rf7 $19) 57. Be8 Rb2+ 58. Kg1 Ke5 59. Bd7 Nd6 (59... Ng5 $19 60. Rf5+ Kd6) 60. Re3+ (60. Rh3 $17 {was forced.}) 60... Ne4 61. Rf3 $1 {[#]} Ng5 $1 {[%cal Rg5f3]} 62. Rf5+ Kd6 63. Bc8 Ke7 64. Rd5 {[#]} Rd2 $1 {[%mdl 512]} 65. Rf5 (65. Rxd2 Nf3+) 65... Rc2 66. Ba6 $2 (66. Bb7 {is the only way for White.}) 66... Ke6 67. Rf1 Ne4 (67... Ke5 $142 {Threatens to win with ...f5.} 68. Bb7 f5) 68. Rf4 $2 (68. Bb7 f5 69. Rf3) 68... Ke5 69. Rh4 Rc7 70. Rh6 Nc5 71. Kf2 Nxa6 72. bxa6 {KR-KR} Ra7 73. Rh5+ f5 74. Rh4 Rxa6 75. Rb4 Kd6 76. Rb5 (76. Rf4 $142 Ra5 77. Rh4) 76... Kc6 77. Rxf5 Ra7 78. Ke3 Rd7 79. Rf1 b5 {[%cal Bb6b5,Bb5b4][%mdl 32]} 80. Rc1+ Kb6 81. Rb1 h5 82. Ke4 h4 83. Rh1 b4 84. Rxh4 Kb5 {Precision: White = 32%, Black = 68%.} 0-1

[Event "20. Dolomitenbank Open-A 2019"]
[Site "Lienz"]
[Date "2019.02.14"]
[Round "7.8"]
[White "Singer, Christoph"]
[Black "Schreiner, Peter"]
[Result "0-1"]
[WhiteElo "2338"]
[BlackElo "2476"]
[Annotator "TA"]
[PlyCount "144"]
[EventDate "2019.02.09"]
[EventType "swiss"]
[EventCountry "AUT"]
[SourceTitle "playchess.com"]
[Source "ChessBase"]
[SourceQuality "1"]

{[%evp 13,144,-8,-7,-17,-1,-11,-6,-16,-8,-13,-8,-11,0,-13,0,-15,-13,-18,-18,-21,-19,-23,-22,-27,-35,-30,-26,-25,-28,-36,-16,-56,-65,-90,-91,-83,-65,-95,-43,-116,-107,-161,-159,-145,-84,-91,-83,-104,-99,-139,-94,-103,-95,-125,-120,-272,-280,-547,-104,-76,-37,-35,-35,-27,-32,-35,-38,-86,-24,-34,0,-104,-112,-161,-109,-346,-332,-235,-20,-105,-43,-100,-113,-936,0,0,0,0,0,0,0,0,0,0,0,0,0,-8,-8,-8,-8,-8,-8,-8,-8,-277,0,0,0,0,0,0,0,0,0,0,0,-29952,-6170,-29973,-29974,-29972,-29973,-29975,-29976,-12804,-5400,-29988,-29989,-29989,-29990,-29989,-29989]} 1. d4 Nf6 2. Nf3 g6 3. Nbd2 c5 4. e3 b6 5. b3 Bb7 6. Bb2 Bg7 7. Bd3 O-O 8. O-O {A47: 1 d4 Nf6 2 Nf3 b6: Torre, London and Colle Systems} Nc6 9. a3 d6 10. c4 {The position is equal.} cxd4 11. Nxd4 Nxd4 12. Bxd4 Rc8 $146 ({Predecessor:} 12... Qb8 13. h3 Rc8 14. Qb1 a6 15. Rd1 b5 {½-½ (43) Kalinin,M (2380)-Jobava,B (2673) Minsk 2015}) 13. Rc1 Rc7 14. Be2 Qa8 15. Bf3 Rfc8 16. a4 $1 Bxf3 17. Nxf3 Qb7 18. Qe2 d5 19. Be5 Rc6 20. Bb2 dxc4 21. Ne5 Rc5 {aiming for ...c3.} 22. Rxc4 Ne4 $36 {[%mdl 2048] Black fights for an advantage.} 23. Rfc1 Rd8 $1 {[%cal Rd8d2] ...Rd2 is the strong threat.} 24. Rxc5 Nxc5 25. Rd1 Qc7 (25... Qc8 $17) 26. Rxd8+ (26. f4 $1 $15) 26... Qxd8 $17 27. Nc6 (27. b4 $17 {was called for.} Nxa4 28. Nc6) 27... Qd7 $1 $19 {[%cal Rd7c6]} 28. Bxg7 Qxc6 (28... Kxg7 $142 29. b4 Qxc6 30. bxc5 Qxa4 31. cxb6 axb6 32. Qb2+ f6) 29. Bb2 $17 Qd5 $1 30. b4 Nxa4 31. Ba1 b5 {[%cal Bb6b5,Bb5c4][%mdl 32]} 32. h3 f6 33. e4 Qc4 34. Qxc4+ $2 (34. Qe1 $17) 34... bxc4 {[%mdl 4096] Endgame KB-KN} 35. Kf1 $2 (35. Bd4 {is the only way for White.} a6 36. Kf1) 35... a6 $2 (35... c3 $19 36. Ke1 Nb2) 36. Ke2 e5 37. f4 $1 exf4 {White must now prevent ...Kf7.} 38. Bxf6 Kf7 39. Bd4 $1 g5 40. Kf3 Kg6 (40... Ke7 $17) 41. Ke2 $11 Kf7 ({Better is} 41... h5 $15) 42. Kf3 $1 $17 Ke7 43. Ke2 Ke6 (43... Kd7 $19 44. Kf3 Ke6) 44. Kd2 $2 (44. Kf3 $17) 44... h5 $19 45. Ke2 Kf7 $2 (45... g4 $19 {Hoping for ...f3+!} 46. Kd1 f3 47. hxg4 fxg2 48. gxh5 Nc3+ $1 {[%mdl 576] Double Attack} 49. Ke1 Nxe4) 46. Kf3 (46. h4 $1 $11 {remains equal.}) 46... Kg6 ({Black should play} 46... Ke7 $1 $17 47. Bg7 c3) 47. Ke2 (47. Kf2 $15) 47... g4 $1 $17 48. h4 $2 {[%mdl 8192]} (48. hxg4 $17 hxg4 49. Be5) 48... Kf7 $2 ({Black should try} 48... c3 $1 $19 {And now ...f3+! would win.} 49. Kd1 f3 50. gxf3 gxf3) 49. Be5 $11 Ke6 50. Bxf4 Nc3+ 51. Ke3 Na2 52. Kd4 Nxb4 53. Kxc4 Nc6 54. Kc5 Na7 55. Kd4 Nb5+ 56. Kd3 a5 {[%cal Ba6a5,Ba5a4,Ba4a3][%mdl 32]} 57. Bh6 a4 58. Bg7 $1 a3 59. Ke3 $2 {[%mdl 8192] [#]} (59. Ba1 $1 $11 {and White is okay.}) 59... Nd6 $2 (59... Kf7 $1 $19 {[%cal Rf7g7]} 60. Ba1 Nc7) 60. Kf4 Kf7 61. Ba1 Kg6 62. e5 Nf5 (62... Nb7 {is more complex.} 63. e6 Nd6 64. g3 Nf5 65. Bc3 a2) 63. g3 $1 Ng7 64. Ke4 Kf7 65. e6+ $2 {[%mdl 8192]} (65. Kf4 $11) 65... Nxe6 66. Kf5 a2 67. Bb2 Nc5 68. Kg5 Ke6 69. Ba1 Ne4+ (69... Nb3 $142 70. Bb2 {[#]} Nc1 $1 {[%mdl 512]}) 70. Kxh5 Kf5 {Black mates.} 71. Kh6 Nxg3 72. Kg7 Nh5+ {Accuracy: White = 36%, Black = 54%.} 0-1

[Event "20. Dolomitenbank Open-A 2019"]
[Site "Lienz"]
[Date "2019.02.15"]
[Round "8.1"]
[White "Kunin, Vitaly"]
[Black "Low, Zhen Yu Cyrus"]
[Result "1-0"]
[WhiteElo "2531"]
[BlackElo "2377"]
[Annotator "TA"]
[PlyCount "95"]
[EventDate "2019.02.09"]
[EventType "swiss"]
[EventCountry "AUT"]
[SourceTitle "playchess.com"]
[Source "ChessBase"]
[SourceQuality "1"]

{[%evp 23,95,72,102,97,88,80,133,118,109,95,132,108,135,88,134,137,124,142,113,36,70,73,82,77,69,77,93,98,100,105,86,83,99,101,116,68,106,106,115,121,175,102,120,70,82,70,46,57,72,72,72,75,87,87,87,87,209,76,1220,1218,1212,1206,1189,1022,12478,10892,6170,5345,4947,4134,2175,2047,29970,29970]} 1. d4 Nf6 2. Nf3 d5 3. c4 g6 4. cxd5 Nxd5 5. e4 Nb6 6. Nc3 Bg7 7. h3 O-O 8. Be2 Nc6 9. Be3 f5 10. exf5 {D70: Grünfeld: Unusual White 3rd moves (met by ...d5)} Bxf5 11. Qb3+ Kh8 12. d5 Ne5 {LiveBook: 5 Games} 13. Nxe5 Bxe5 14. Rd1 (14. O-O e6 15. f4 Bg7 16. g4 Qh4 17. Kh2 exd5 18. Bxb6 axb6 19. gxf5 {0-1 (28) Kuzubov,Y (2558)-Mamedyarov,S (2646) Dubai 2005}) 14... Qc8 $146 ({Black should play} 14... a5) ({Predecessor:} 14... Qd6 15. Rd2 a5 16. Qd1 Bf4 17. Bxf4 Qxf4 {½-½ (67) Sodomski,A (2195)-Laine,J (2106) ICCF email 2013}) 15. Qb4 Rf7 16. Bd4 Bf6 17. O-O Qf8 18. a4 e5 19. Bc5 Be7 20. Bxe7 $1 Qxe7 {[#]} 21. Qb3 (21. d6 $1 $16 {[%cal Rd6e7]} cxd6 22. a5 (22. Qxd6 Bc2 $11)) 21... Rb8 22. Nb5 Bd7 23. d6 cxd6 24. Nxd6 Rf4 {[#]} 25. Bb5 $1 Bxb5 26. Qxb5 ({Don't play} 26. axb5 $6 Rd4 $11) 26... Rd8 27. Nxb7 Rxd1 28. Rxd1 {a5 is the strong threat.} Rb4 29. Qc6 (29. Rd8+ {is more complex.} Kg7 30. Re8 Rxb5 31. Rxe7+ Kf6 32. Rxh7 Nxa4 33. Nd8) 29... Rc4 30. Qf3 {And now a5 would win.} Rf4 31. Qe3 Rxa4 (31... Nxa4 $16 32. Rd5 (32. Qxa7 Nxb2 33. Rd8+ Kg7 $14) (32. Rd8+ Kg7 $16) 32... Rf8) 32. Nc5 (32. Nd8 $18) 32... Rf4 33. Nd3 Nc4 34. Qe2 Rd4 35. Re1 Qd6 36. b3 $36 {[%mdl 2048] White is really pushing.} Rxd3 37. bxc4 $16 {[%mdl 4096] Endgame Hoping for c5. KQR-KQR} Rd2 38. Qf3 Kg7 39. Rb1 Qe6 (39... e4 $16 40. Qxe4 Rd1+ 41. Rxd1 Qxd1+ 42. Kh2 Qd6+ 43. g3 Qc5) 40. c5 (40. Rb7+ $18 {is the precise move to win.} Rd7 41. c5 Rxb7 42. Qxb7+ Kf6 43. Qxh7) 40... Rd7 $2 {[%mdl 8192]} (40... Qf5 $16 41. Rb7+ Kh6) 41. c6 $18 Rc7 42. Rb7 Qd6 43. g4 h6 44. h4 Qe7 45. Rxc7 Qxc7 46. g5 hxg5 47. hxg5 a5 48. Qf6+ {Precision: White = 59%, Black = 38%.} 1-0

[Event "20. Dolomitenbank Open-A 2019"]
[Site "Lienz"]
[Date "2019.02.15"]
[Round "8.2"]
[White "Sanal, Vahap"]
[Black "Maiorov, Nikita"]
[Result "1-0"]
[WhiteElo "2497"]
[BlackElo "2523"]
[Annotator "TA"]
[PlyCount "98"]
[EventDate "2019.02.09"]
[EventType "swiss"]
[EventCountry "AUT"]
[SourceTitle "playchess.com"]
[Source "ChessBase"]
[SourceQuality "1"]

{[%evp 30,98,16,22,18,15,25,21,17,14,24,7,26,9,31,27,26,28,38,19,29,10,40,34,35,41,35,10,8,-7,-4,-22,0,-74,0,0,0,0,145,158,265,245,256,257,233,212,374,365,362,379,365,357,336,199,198,210,201,195,233,132,143,162,322,316,414,407,592,429,535,460,665]} 1. e4 e5 2. Nf3 Nc6 3. Bb5 a6 4. Ba4 Nf6 5. O-O Be7 6. Re1 b5 7. Bb3 d6 8. c3 O-O 9. h3 Nb8 10. d4 Nbd7 11. Nbd2 Bb7 12. Bc2 Re8 13. a4 Bf8 14. Bd3 c6 15. b3 g6 16. Bb2 Nh5 {C95: Closed Ruy Lopez: Breyer Variation with 10 d4} 17. Bf1 Ng7 {[#]} 18. axb5 $146 ({Predecessor:} 18. Qc2 Rc8 19. Rad1 exd4 20. cxd4 d5 21. Qb1 Qb6 {½-½ (21) Fedorchuk,S (2635)-Erdos,V (2608) Sibenik 2011}) 18... axb5 {The position is equal.} 19. Rxa8 Bxa8 20. b4 Ne6 21. Qb3 Bg7 22. dxe5 Nxe5 23. Nxe5 dxe5 24. Rd1 Qb8 25. c4 Nd4 26. Bxd4 exd4 27. c5 Bb7 28. g3 Bc8 29. Bg2 Be6 30. Qa3 d3 31. f4 (31. Nb3 $11 {keeps the balance.}) 31... Qd8 (31... Qa8 $17 32. Qxd3 Rd8) 32. e5 $11 Qd4+ 33. Kh2 Bd5 {[#]} (33... Rd8 $11) 34. Nf3 $1 $16 {[%cal Rf3d4]} Bxf3 (34... Qc4 $16 {was necessary.}) 35. Rxd3 $18 Qc4 36. Bxf3 Qc2+ 37. Bg2 f6 $2 {[#]} (37... g5 38. Rd6 Qc4) 38. Rc3 Qd2 39. Qb3+ Kh8 40. Rd3 Qe2 41. Qd1 (41. exf6 $142 {Intending Qf7 and mate.} Bxf6 42. Qf7) 41... Qxd1 42. Rxd1 fxe5 43. Bxc6 {[%mdl 4096] Endgame KRB-KRB} Rb8 44. Rd7 (44. Bd7 $18 {And now c6 would win.} exf4 45. gxf4) 44... exf4 $16 45. gxf4 Rf8 $2 (45... Bc3) 46. Kg3 $18 Bh6 47. Rd4 Rb8 (47... Bg7 $142) 48. Bd7 Rb7 49. c6 Rc7 {Accuracy: White = 75%, Black = 33%.} (49... Ra7 $142 50. Rd5 Bf8 51. Rxb5 Ra3+ 52. Kg2 Rc3) 1-0

[Event "20. Dolomitenbank Open-A 2019"]
[Site "Lienz"]
[Date "2019.02.15"]
[Round "8.3"]
[White "Prusikin, Michael"]
[Black "Ankit, R. Rajpara"]
[Result "1/2-1/2"]
[WhiteElo "2517"]
[BlackElo "2451"]
[Annotator "TA"]
[PlyCount "67"]
[EventDate "2019.02.09"]
[EventType "swiss"]
[EventCountry "AUT"]
[SourceTitle "playchess.com"]
[Source "ChessBase"]
[SourceQuality "1"]

{[%evp 10,67,30,28,29,46,36,28,32,22,31,0,38,25,32,18,46,24,41,29,38,21,26,19,27,17,19,17,17,17,17,17,18,18,38,28,33,14,13,11,4,0,0,0,0,0,0,0,0,0,0,0,0,0,0,0,0,0,0,0]} 1. e4 c6 2. d4 d5 3. exd5 cxd5 4. Bd3 g6 5. c3 Nc6 6. Nf3 Bf5 {B13: Caro-Kann: Exchange Variation and Panov-Botvinnik Attack} (6... Bg7 7. O-O Bf5 8. Bxf5 gxf5 9. Bf4 e6 10. Ne1 Nge7 11. Qh5 Ng6 12. Bh6 Bf6 13. Nd3 Qc7 14. Nd2 O-O-O 15. a4 Kb8 16. Nb3 Be7 17. a5 Ka8 {½-½ (17) Santos Ruiz,M (2523)-Adly,A (2626) Sitges 2018}) 7. Bxf5 gxf5 8. O-O Nf6 {White has an edge.} 9. Qb3 Qd7 10. Bf4 Bg7 $146 ({Predecessor:} 10... Rg8 11. Ne5 Nxe5 12. Bxe5 Ng4 13. Bg3 Nf6 14. Be5 Ng4 15. Bg3 e6 {½-½ (28) Sorcinelli,A (2127)-Eichner,D (1991) LSS email 2014}) 11. Ne5 Nxe5 12. Bxe5 O-O 13. Qc2 Rac8 14. Nd2 {[%cal Bb1d2,Bd2b3,Bb3c5][%mdl 32]} Ne4 15. Bxg7 Kxg7 16. Rae1 e6 17. Nb3 Kh8 18. f3 Nd6 19. Nc5 Qd8 20. Qe2 b6 21. Nd3 Qf6 22. Kh1 Rg8 23. g4 fxg4 {The position is equal.} 24. fxg4 Qg5 25. Qe5+ Qxe5 26. dxe5 Ne4 27. Rxf7 Rxg4 28. Rg1 Rxg1+ 29. Kxg1 $11 {KRN-KRN} Rg8+ 30. Kf1 Rg7 $1 {[%cal Rg7f7]} 31. Rf8+ Rg8 32. Rf7 Rg7 $1 {[%cal Rg7f7]} 33. Rf8+ Rg8 34. Rf7 {Accuracy: White = 33%, Black = 68%.} 1/2-1/2